00927cam a22003014a 450000100090000000300050000900500170001400800410003101000170007202000180008902500310010703500260013803700630016404000130022704200100024005000200025008200130027010000200028324500640030324600100036726000410037730000330041850400660045160000320051765000340054965000190058365000230060215362338Nust20170105101619.0080501s2008 ii a b 001 0 eng  a 2008306985 a9780670082070 aI-E-2008-306985; 27; 63-01 a(IN-NdUBS)UBS08001178 bLibrary of Congress -- New Delhi Overseas OfficecRs499.00 aDLCcDLC alcode00aD862b.R68 2008 a823bROY1 aRoy, Arundhati.14aThe shape of the beast :bconversations with Arundhati Roy.30aBeast aNew Delhi :bPenguin, Viking,c2008. aix, 271 p. :bill. ;c22 cm. aIncludes bibliographical references (p. [244]-259) and index.10aRoy, ArundhativInterviews. 0aWorld politicsy21st century. 0aGlobalization. 0aProtest movements.